| 000 | 00692nam a22001337a 4500 | ||
|---|---|---|---|
| 040 | _cRUA | ||
| 082 | _aAGR BB VON 2010 Or.1 | ||
| 100 | _aVON BUNRET | ||
| 245 | _aStudy on transplanting rice and broadcting rice production in sangke district battambang province, (ការសិក្សាលើផលិតកម្មដំណាំស្រូវសន្ទូង និងស្រូវពង្រួសក្នុងស្រុកសង្កែ ខេត្តបាត់ដំបង) | ||
| 260 |
_aphnom penh _bRUA _c2010 |
||
| 300 |
_axiii, 59p. _bill. _c29cm. |
||
| 856 | _uhttps://drive.google.com/file/d/1xowNf8LmRTj_y1n2_vJQ1C6HGBgzsmyf/view?usp=sharing | ||
| 942 | _cAGRBB | ||
| 999 |
_c1469 _d1469 |
||